000 00516nam a2200181Ia 4500
999 _c16529
_d16529
003 OSt
005 20200606115935.0
008 190216s9999||||xx |||||||||||||| ||und||
020 _a8190237039
040 _cMESKC library
082 _a891.433
_bGOY/K
100 _aGoyal, Harish
_9438
245 0 _aKasmik Luterey /
_cHarish Goyal
260 _bVredhavan Brejrathan Publications,
_c2007.
_aBikaner:
300 _a80p
650 _aHindi
942 _cBK
_2ddc
_h891.433
_iGOY/K
_k891.433
_mGOY/K